Systém evidencie ochranných pracovných pomôcok a výrobkov

Salvato in:
Dettagli Bibliografici
Autore principale: Pavelka, Jakub (Autore)
Altri autori: Križanová, Gabriela (Relatore della tesi)
Natura: Manoscritto Libro
Lingua:slovacco
Pubblicazione: 2022
Soggetti:
Accesso online:http://is.stuba.sk/zp/portal_zp.pl?podrobnosti=164338
Tags: Aggiungi Tag
Nessun Tag, puoi essere il primo ad aggiungerne!!

MARC

LEADER 00000ntm a22000003a 4500
001 stuzp88186
003 SK-STU
005 20220611211238.9
007 ta
008 150427s2015----xo-----f-mn---000-0-slo-d
040 |a STU  |b slo 
041 0 |a slo 
100 1 |a Pavelka, Jakub  |u 066000  |k Z4  |4 aut  |U MTF Materiálovotechnologická fakulta  |T MTF Ústav aplikovanej informatiky, automatizácie a mechatroniky  |X 91705  |U M6000  |Y 86  |7 91705 
242 0 1 |a System of registration of protective work aids and products  |y eng 
245 1 0 |a Systém evidencie ochranných pracovných pomôcok a výrobkov 
260 |c 2022 
650 4 |a datab8za  |2 slo 
650 4 |a informačný systém  |2 slo 
650 4 |a desktopová aplikácia  |2 slo 
650 4 |a C#  |2 slo 
650 4 |a information system  |2 eng 
650 4 |a desktop application  |2 eng 
650 4 |a C#  |2 eng 
650 4 |a database  |2 eng 
700 1 |a Križanová, Gabriela  |u 066000  |k Z2  |4 ths  |U MTF Materiálovotechnologická fakulta  |T MTF Ústav aplikovanej informatiky, automatizácie a mechatroniky  |X 2791  |U M6000  |Y 86  |7 A000002791 
856 4 |u http://is.stuba.sk/zp/portal_zp.pl?podrobnosti=164338 
996 |c M* DP-14999  |l MMSKP  |s P  |a 0  |w stuzp88186_0001